U.S. Virgin Islands Trivia - Statistics

General Stats
  • This quiz has been taken 23 times
    6 since last reset
  • The average score is 10 of 15
Answer Stats
Hint Answer % Correct
Largest racial group, at 71.4% African American
100%
Sea to the south Caribbean Sea
100%
U.S. territory to the west Puerto Rico
100%
Italian explorer who named the islands "Santa Ursula y las Once Mil Vírgenes" ChristopherColumbus
83%
Country the United States purchased the Virgin Islands from in 1917 Denmark
83%
Three largest islands St. {Croix}
83%
Three largest islands St. {John}
83%
Largest economic sector Tourism
83%
Capital of USVI Charlotte {Amalie}
67%
Infamous sex trafficker who owned Little St. James Jeffrey Epstein
67%
Three largest islands St. {Thomas}
67%
Former capital, 1754-1871 Christiansted
33%
Magens Bay and Trunk Bay are known for being these types of beaches White Sand
33%
Impressionist painter born in 1830 on Saint Thomas Camille {Pissarro}
17%
Main airport of the U.S. Virgin Islands Cyril E. {King}
17%
No matching quizzes found
Score Distribution
Percent of People with Each Score
Percentile by Number Answered
Your Score History
You have not taken this quiz since the last reset